Chemical demonstrations
Gespeichert in:
| Hauptverfasser: | , |
|---|---|
| Format: | Buch |
| Sprache: | Englisch |
| Veröffentlicht: |
Washington, D.C
American Chemical Society
1988
|
| Ausgabe: | 2a. ed |
| Schlagworte: | |
| Tags: |
Tag hinzufügen
Keine Tags, Fügen Sie den ersten Tag hinzu!
|
MARC
| LEADER | 00000nam a2200000 a 4500 | ||
|---|---|---|---|
| 001 | UCZ3670 | ||
| 003 | CL-VaPUC | ||
| 008 | 951027e19880000US |||||||||||||||||eng|d | ||
| 082 | 0 | 4 | |a 542 |b SUM |2 21 |
| 100 | 0 | |a Summerlin, Lee R |e author |9 347479 | |
| 700 | 0 | |a Ealy, James L |e author |9 347480 | |
| 245 | 1 | 0 | |a Chemical demonstrations |
| 246 | 1 | 2 | |a A sourcebook for teachers |
| 250 | |a 2a. ed | ||
| 300 | |a 198 p | ||
| 942 | |c BK | ||
| 945 | |d 19951027 00:00:00 |a rleighto | ||
| 260 | |a Washington, D.C |b American Chemical Society |c 1988 | ||
| 650 | 0 | |a Química |9 259896 | |
| 650 | 7 | |a EXPERIMENTOS |2 CL-VaPUC |9 270782 | |
| 583 | |a last modification |c 20150713 14:25:14 |k Rodrigo Vera | ||
| 999 | |c 240120 |d 240118 | ||